Statistics for Guess the Taylor Swift song with no hints ~18

Click here to take the quiz!

General Stats

  • This quiz has been taken 222 times
  • The average score is 204 of 289

Answer Stats

Answer% Correct
I
100%
a
99%
You
98%
you
98%
the
97%
The
97%
be
93%
it
93%
me
93%
Your
93%
your
93%
and
92%
And
92%
on
92%
in
91%
to
91%
my
90%
you're
88%
is
87%
Is
87%
when
87%
No
86%
that
85%
If
84%
if
84%
I'm
84%
for
83%
it's
82%
It's
82%
like
81%
of
80%
Would
79%
would
79%
but
77%
But
77%
could
76%
I'll
75%
never
74%
All
73%
know
73%
see
73%
as
70%
As
70%
I'd
69%
just
68%
got
67%
with
67%
Cause
66%
friend
65%
had
65%
now
64%
think
64%
give
61%
Give
61%
Our
61%
has
60%
come
59%
die
59%
peace
59%
peace?
59%
heart
58%
these
56%
enough
54%
enough?
54%
love's
53%
always
52%
gone
52%
only
52%
best
51%
people
51%
there's
50%
devil's
49%
friends
49%
keep
49%
secret
49%
child
48%
details
48%
long
48%
gonna
47%
show
47%
talk
47%
two
47%
fire
45%
shit
45%
brother
43%
coming
43%
other
43%
rain
43%
warm
43%
wild
42%
age
41%
around
41%
Family
41%
lives
41%
near
41%
small
41%
brittle
40%
each
40%
east
40%
honor
40%
makes
40%
understand
40%
west
40%
cascade
39%
clowns
39%
courage
39%
danger
39%
darling
39%
ocean
39%
seem
39%
silence
39%
standing
39%
wasting
39%
blues
38%
corner
38%
sunshine
38%
comes
37%
robbers
37%
summer
37%
trenches
37%
wall
37%
clear
36%
convictions
36%
paint
36%
Suddenly
36%
swing
36%
wave
36%
chose
35%
dreamscapes
35%
fences
35%
integrity
34%
Sit
32%

Score Distribution

Percentile by Number Answered

Percent of People with Each Score

Your Score History

You have not taken this quiz